| 000 | 01082pam a2200325 a 4500 | ||
|---|---|---|---|
| 001 | 15601 | ||
| 003 | BD-RjUL | ||
| 005 | 20211208235843.0 | ||
| 008 | 140210s1980 maua b 001 0 eng | ||
| 020 | _a0884104982 | ||
| 035 | _a(BD-RjUL)15656 | ||
| 040 |
_aDLC _cDLC _dDLC _dBD-RjUL _beng |
||
| 041 | _aeng | ||
| 082 | 0 | 0 |
_a658.3 _219 _bLEI 1980 |
| 100 | 1 |
_aLefton, Robert Eugene, _d1931- _948428 |
|
| 245 | 1 | 0 |
_aImproving productivity through people skills : _bdimensional management strategies / _cRobert E. Lefton, V.R. Buzzotta, Manuel Sherberg. |
| 260 |
_aCambridge, Mass. : _bBallinger Pub. Co., _cc1980. |
||
| 300 |
_aix, 504 p. : _bill. ; _c24 cm. |
||
| 504 | _aBibliography: p. 497-498. | ||
| 504 | _aIncludes index. | ||
| 650 | 0 |
_aPersonnel management. _948429 |
|
| 650 | 0 |
_aInterpersonal relations. _97411 |
|
| 650 | 0 |
_aOrganizational behavior. _942223 |
|
| 700 | 1 |
_aBuzzotta, V. Ralph, _d1931- _948430 |
|
| 700 | 1 |
_aSherberg, Manuel. _948431 |
|
| 710 | 2 |
_aPsychological Associates. _948432 |
|
| 942 |
_2ddc _cBK |
||
| 999 |
_c15601 _d15601 |
||